La ciudad en movimiento : (Registro nro. 330)
[ vista simple ]
| 000 -LEADER | |
|---|---|
| fixed length control field | 01595nam a22002177a 4500 |
| 003 - CONTROL NUMBER IDENTIFIER | |
| control field | OSt |
| 005 - DATE AND TIME OF LATEST TRANSACTION | |
| control field | 20250818124132.0 |
| 008 - FIXED-LENGTH DATA ELEMENTS--GENERAL INFORMATION | |
| fixed length control field | 240918s2012 ag ||||| |||| 00| 0 spa d |
| 020 ## - INTERNATIONAL STANDARD BOOK NUMBER | |
| International Standard Book Number | 978-987-25834-3-9 |
| 040 ## - CATALOGING SOURCE | |
| Transcribing agency | besoc |
| 245 03 - TITLE STATEMENT | |
| Title | La ciudad en movimiento : |
| Statement of responsibility, etc. | Sandra Fernandez |
| Remainder of title | espacio público, sociedad y política : Rosario 1910-1940 / |
| 250 ## - EDITION STATEMENT | |
| Edition statement | 1a ed. |
| 260 ## - PUBLICATION, DISTRIBUTION, ETC. | |
| Place of publication, distribution, etc. | Rosario : |
| Name of publisher, distributor, etc. | ISHIR Conicet, |
| Date of publication, distribution, etc. | 2012. |
| 300 ## - PHYSICAL DESCRIPTION | |
| Extent | 196 p. ; |
| Dimensions | 23 cm. |
| 504 ## - BIBLIOGRAPHY, ETC. NOTE | |
| Bibliography, etc. note | Incluye bibliografía. |
| 505 0# - FORMATTED CONTENTS NOTE | |
| Formatted contents note | Sociabilidad y política corporativa . ña experiencia del Primer Congreso del Comercio Argentino : Rosario, 1911 / Fernández, Sandra -- Fomentismo y sociabilidad : el Centro Progresista de Barrio Echesortu : 1910-1915 / AQlvira, Pablo -- Sociabilidades rosarinas de entreguerra, el oxímoron de un urbanismo patriótico / Man, Ronen -- Diseminación verde : plazas y pequeñoa espacios libres en Rosario durante las entreguerras / Roldán, Diego P. -- Ciudad y vida : planificación sanitaria, espacio y municipio : Rosario 1925-1927 / Pascual, Cecilia M. -- Las recetas culinarias de Alfonso Longo editor : prescripciones del contenido y de la forma de la cocina en la Rosario de entreguerras / Caldo, Paula -- Diferencias estéticas, isntituciones y agrupaciones artísticas : el arte en Rosario entre el Centenario y el inicio del Peronismo / Florio, Sabina -- Arte, polìtica y lenguajes realistas en la obra de Anselmo Piccoli / Rodríguez, Jimena. |
| 650 #4 - SUBJECT ADDED ENTRY--TOPICAL TERM | |
| Topical term or geographic name entry element | Rosario |
| General subdivision | historia |
| Chronological subdivision | Siglo XX |
| 650 #4 - SUBJECT ADDED ENTRY--TOPICAL TERM | |
| Topical term or geographic name entry element | Rosario |
| General subdivision | Sociedad |
| Chronological subdivision | Siglo XX |
| 700 10 - ADDED ENTRY--PERSONAL NAME | |
| Personal name | Fernández, Sandra. |
| 942 ## - ADDED ENTRY ELEMENTS (KOHA) | |
| Source of classification or shelving scheme | Universal Decimal Classification |
| Koha item type | Obra General |
| Suppress in OPAC | No |
| Withdrawn status | Lost status | Source of classification or shelving scheme | Damaged status | Not for loan | Collection | Home library | Current library | Date acquired | Total checkouts | Barcode | Date last seen | Price effective from | Koha item type |
|---|---|---|---|---|---|---|---|---|---|---|---|---|---|
| Universal Decimal Classification | Colección General | Biblioteca Escuela de Ciencias Sociales | Biblioteca Escuela de Ciencias Sociales | 18/09/2024 | 000424 | 18/09/2024 | 18/09/2024 | Obra General |